Текст томруулах:    
The virtual reference desk (Бичлэгийн дугаар. 146156)
000 -УДИРДЛАГА
Удирдлага 01046nam a22003017a 4500
003 - ХЯНАЛТЫН ТОО ТОДОРХОЙЛОГЧ
Код MN-UlNUM
005 - БИЧИЛТ ХИЙСЭН ОГНОО
Тухайн бичилтийг бичсэн засварласан сүүлийн огноо 20260109211942.0
008 - ЕРӨНХИЙ МЭДЭЭЛЭЛ
Ерөнхий мэдээлэл 260109s2006 nyu b 001 0 eng
020 ## - ISBN
ISBN 1555705553
-- 9781555705558
040 ## - БИЧЛЭГ ҮҮСГЭГЧ БАЙГУУЛЛАГА
Бичлэг үүсгэгч номын сангийн код МУИС-ийн номын сан
084 ## - ББК АНГИЛАЛ
Нэмэлт тусгалт Бусад
ББК ангилал 78.5
Зохиогчийн гурван тэмдэгт V 74
Мэдлэгийн ялгаа 78 - Номын сан судлал
245 04 - ҮНДСЭН ГАРЧИГ
Номын нэр The virtual reference desk
Бага гарчгийн мэдээ Creating a reference future
Оролцогчдын тухай мэдээ edited by R. David Lankes ... [et al.].
260 ## - ГАРАЛТЫН МЭДЭЭ
Хэвлэгдсэн газар New York
Хэвлэлийн газар Neal-Schuman Publishers
Хэвлэгдсэн он 2006
300 ## - МАТЕРИАЛЫН ТОДОРХОЙЛОЛТ
хуудасны тоо xiii, 226 p.
Хэмжээ 23 cm.
500 ## - Тайлбар
Дансны дугаар БС 6099
546 ## - ХЭЛНИЙ ТУХАЙ МЭДЭЭ
Хэл Англи хэл дээр,
653 ## - Түлхүүр үг
Түлхүүр үг electronic reference services
653 ## - Түлхүүр үг
Түлхүүр үг reference services (Libraries)
653 ## - Түлхүүр үг
Түлхүүр үг reference librarians
700 1# - ХАМ ЗОХИОГЧИД
Ба бус Lankes, R. David
Dates associated with a name 1970-
740 ## - НОМЫН ГАРЧИГ
Гарчиг Creating a reference future: Chat reference
740 ## - НОМЫН ГАРЧИГ
Гарчиг Creating a reference future: Training and staffing
740 ## - НОМЫН ГАРЧИГ
Гарчиг Creating a reference future: Evaluation
740 ## - НОМЫН ГАРЧИГ
Гарчиг Creating a reference future: Innovative approaches
942 ## - ЭЛЕМЕНТИЙН ТӨРӨЛ
Зүйлийн төрөл Ном